LEADER 01133nam0 22003011i 450 001 SUN0018291 005 20050228120000.0 010 $a88-07-81469-2 100 $a20040622d1998 |0itac50 ba 101 $aita 102 $aIT 105 $a|||| ||||| 200 1 $aˆUn ‰genitore quasi perfetto$fBruno Bettelheim$gtraduzione di Adriana Bottini 210 $aMilano$cFeltrinelli$d1998 215 $a454 p.$d19 cm. 454 1$1001SUN0077970$12001 $aˆA ‰good enough parent$913452 606 $aPuericoltura$2FI$3SUNC009036 620 $dMilano$3SUNL000284 676 $a649.1$v21 700 1$aBettelheim$b, Bruno$3SUNV014311$0126586 702 1$aBottini$b, Adriana$3SUNV010915 712 $aFeltrinelli$3SUNV000132$4650 801 $aIT$bSOL$c20181109$gRICA 912 $aSUN0018291 950 $aUFFICIO DI BIBLIOTECA DEL DIPARTIMENTO DI PSICOLOGIA$d16 CONS 1467 $e16 VS 1712 995 $aUFFICIO DI BIBLIOTECA DEL DIPARTIMENTO DI PSICOLOGIA$bIT-CE0119$gVS$h1712$kCONS 1467$oc$qa 996 $aGood enough parent$913452 997 $aUNICAMPANIA LEADER 00922nam0-2200337---450 001 990008572190403321 005 20200310094351.0 035 $a000857219 035 $aFED01000857219 035 $a(Aleph)000857219FED01 035 $a000857219 100 $a20071029d1997----km-y0itay50------ba 101 0 $aita 102 $aIT 105 $aa-------001yy 200 1 $aAcari$efitofagi e predatori$fa cura di M. Nicotina, S. Ragusa, H. Tsolakis 210 $aBologna$cDow Elanco Italia$dc1997 215 $a96 p.$cill.$d24 cm 610 0 $aAcarina 676 $a595.42$v23$zita 702 1$aNicotina,$bMariano 702 1$aTsolakis,$bHaralabos 702 1$aRagusa,$bSalvatore 712 02$aDow Elanco Italia 801 0$aIT$bUNINA$gRICA$2UNIMARC 901 $aBK 912 $a990008572190403321 952 $a60 595.42 NICM 1997$b10828$fFAGBC 959 $aFAGBC 996 $aAcari$91734448 997 $aUNINA LEADER 01518 am 22003613u 450 001 9910765853503321 005 20160628140136.0 035 $a(CKB)3810000000000296 035 $a(WaSeSS)IndRDA00058486 035 $a(EXLCZ)993810000000000296 100 $a20160628d2012 || | 101 0 $aita 135 $aur||||||||||| 181 $ctxt$2rdacontent 182 $cc$2rdamedia 183 $acr$2rdacarrier 200 10$aAtlant linguistich dl ladin dolomitich y di dialec vejins$hIndex generalis$iIn quo reperiuntur liber interrogationum ALD-II, indices speciales omnium voluminum mapparum atque nonnulli indices omnium vocum sententiarumque linguae Italicae vulgaris, quae occurrunt in titulis mapparum ALD-II /$fHans Goebl 210 1$aStrasbourg, France :$cE?ditions de Linguistique et de Philologie,$d2012. 215 $a1 online resource (213 pages) 225 1 $aBibliothe?que de Linguistique Romane. Hors Se?rie ; ;$v2,7 300 $aIncludes index. 311 $a979-1-0914-6006-4 410 0$aBibliothe?que de linguistique romane.$pHors Se?rie ;$v2,7. 517 1 $aAtlante linguistico del ladino dolomitico e dei dialetti limitrofi. 517 1 $aSprachatlas des Dolomitenladinischen und angrenzender Dialekte. 607 $aItaly$xLanguages$vMaps 700 $aGoebl$b Hans$0183004 801 0$bWaSeSS 801 1$bWaSeSS 906 $aBOOK 912 $a9910765853503321 996 $aAtlant linguistich dl ladin dolomitich y di dialec vejins$91969160 997 $aUNINA